Soluciones a los casos planteados de aplicación de la programación lineal (Registro nro. 23541)
[ vista simple ]
| 000 -LEADER | |
|---|---|
| fixed length control field | 00370 a2200109 4500 |
| 001 - CONTROL NUMBER | |
| control field | ART_9038 |
| 005 - DATE AND TIME OF LATEST TRANSACTION | |
| control field | 20260410161834.0 |
| 008 - FIXED-LENGTH DATA ELEMENTS--GENERAL INFORMATION | |
| fixed length control field | 260409a |
| 100 1# - MAIN ENTRY--PERSONAL NAME | |
| Personal name | Bonatti, Patricia |
| 245 10 - TITLE STATEMENT | |
| Title | Soluciones a los casos planteados de aplicación de la programación lineal |
| 773 0# - HOST ITEM ENTRY | |
| Title | Contabilidad y administración |
| Related parts | - Año 3, Nº 36 (jun. 1980) |
| Record control number | REV5485 |
No hay ítems disponibles.